| 000 | 00608nam a2200181 a 4500 | ||
|---|---|---|---|
| 005 | 20140310183456.0 | ||
| 008 | 091116s19uu xx 00 eng d | ||
| 020 | _a9780749455149 | ||
| 050 |
_aHB 615 _b.D78 2009 |
||
| 100 | _aDrummond, Helga | ||
| 245 |
_aHow to be a successful entrepreneur : _bspot the opportunity, take a risk and build a brilliant business / _cHelga Drummond. |
||
| 260 |
_aLondon : _bKOGAN PAGE, _c2009. |
||
| 300 |
_a154 p. : _c23 cm. |
||
| 521 | _aBSBA | ||
| 650 | _aEntrepreneurship. 2. Decision making. 3. New Business Enterprices. | ||
| 942 |
_cBK _2lcc _kFOR |
||
| 999 |
_c23617 _d23617 |
||